Culture Générale - Série 583 - Statistiques

Statistiques générales
  • Ce quiz a été pris 183 fois
  • Le résultat moyen est 8 sur 10
Statistiques - réponses
Question Réponse % Correct
De quelle langue proviennent les mots : "bravo" et "vibrato" ? italien
99%
Quel est le nom du doigt de la main qui porte traditionnellement l'anneau de mariage ? annulaire
97%
A quel groupe pop suédois, fondé en 1972, doit-on le tube : "Dancing queen" ? Abba
94%
En 2002, quel chanteur français interprète le tube : "Manhattan-Kaboul", en duo avec Axelle Red ? Renaud
85%
Quel château de la Loire a été inscrit sur la liste du patrimoine mondial de l'Unesco en 1981 ? Chambord
84%
Qui était la mère du Prince Albert II de Monaco ? Grace Kelly
83%
Quelle ville est le chef-lieu du département du Gard ? Nîmes
75%
De quel pays Hamlet est-il le prince, dans la célèbre pièce de William Shakespeare ? Danemark
62%
En 1974, dans le film "La Gifle" de Claude Pinoteau, qui interprète le rôle du père d'Isabelle Adjani ? Lino Ventura
47%
En 1876, Auguste Renoir peint la toile intitulée "Le Bal du moulin de... La Galette
44%
Aucun quiz correspondant
Distribution des résultats
% des personnes avec chaque résultat
Percentile par nombre de réponses
Votre historique - résultats
Vous n’avez pas pris ce quiz